NBA Team Playoff Scoring Leaders - Statistics

General Stats
  • This quiz has been taken 375 times
    73 since last reset
  • The average score is 24 of 30
Answer Stats
Points Team Player % Correct
3,864 Heat Dwyane Wade
100%
2,620 Thunder Kevin Durant
100%
5,640 Lakers Kobe Bryant
100%
4,573 Cavaliers LeBron James
100%
5,987 Bulls Michael Jordan
100%
3,897 Celtics Larry Bird
98%
4,147 Warriors Stephen Curry
98%
5,172 Spurs Tim Duncan
98%
3,663 Mavericks Dirk Nowitzki
95%
2,270 Bucks G. Antetokounmpo
95%
2,580 Nuggets Nikola Jokić
95%
4,519 Jazz Karl Malone
93%
3,727 Rockets Hakeem Olajuwon
92%
2,972 Pacers Reggie Miller
92%
2,787 Knicks Patrick Ewing
83%
3,088 76ers Julius Erving
80%
1,125 Clippers Chris Paul
75%
504 Pelicans Chris Paul
75%
1,435 Raptors Kyle Lowry
75%
1,130 Timberwolves Anthony Edwards
73%
1,159 Kings/Royals Oscar Robertson
73%
1,133 Magic Dwight Howard
70%
2,015 Trail Blazers Clyde Drexler
67%
2,026 Suns Kevin Johnson
65%
1,308 Nets Jason Kidd
63%
2,240 Hawks Bob Pettit
62%
1,058 Grizzlies Zach Randolph
55%
1,997 Wizards Elvin Hayes
48%
2,467 Pistons Richard Hamilton
45%
446 Hornets David Wesley
8%
No matching quizzes found
Score Distribution
Percent of People with Each Score
Percentile by Number Answered
Your Score History
You have not taken this quiz since the last reset